00472nam a2200193 a 4500001001300000003000900013005001700022008004100039020001000080082001300090100001900103245002100122260003900143300000800182500003500190505001700225650001700242700001900259nice12345678IN_TiNIC20260116012016.0050524s1974 phia grp 000 0 eng  ac10000a232bHEN aHengel, Martin aChrist and Power aPhiladelphiabFortress Pressc1974 a82p aincludes index and biblioraphy2 aBibliography aJesus Christ1 aHengel, Martin